Chicago Bears 25/26 Stats Leaders - Statistics

General Stats
  • This quiz has been taken 75 times
  • The average score is 17 of 18
Answer Stats
Stat Amount Player % Correct
Passing Yards 3942 Caleb Williams
100%
Passing TDs 27 Caleb Williams
100%
Receiving Yards 713 Colston Loveland
99%
Receiving TDs (Tie) 6 Colston Loveland
99%
Rushing Yards 1087 D'Andre Swift
97%
Rushing TDs 9 D'Andre Swift
97%
Receiving TDs (Tie) 6 DJ Moore
97%
Receiving TDs (Tie) 6 Rome Odunze
97%
Most Field Goals Made 25/30 Cairo Santos
93%
Solo Tackles (Tie) 61 Kevin Byard III
88%
Interceptions 7 Kevin Byard III
88%
Defensive Touchdowns (Tie) 1 Nahshon Wright
88%
Most Punts 60 Tory Taylor
88%
Sacks 10 Montez Sweat
86%
Fumbles 3 Montez Sweat
86%
Total Tackles 112 Tremaine Edmunds
86%
Solo Tackles (Tie) 61 Tremaine Edmunds
86%
Defensive Touchdowns (Tie) 1 T.J. Edwards
81%
No matching quizzes found
Score Distribution
Percent of People with Each Score
Percentile by Number Answered
Your Score History
You have not taken this quiz